Sophocles the dramatist

Saved in:
Bibliografiske detaljer
Hovedforfatter: Waldock, A. J. A (Author)
Format: Bog
Sprog:spansk
Udgivet: Cambridge Cambridge University 1966
Fag:
Tags: Tilføj Tag
Ingen Tags, Vær først til at tagge denne postø!

MARC

LEADER 00000nam a2200000 a 4500
001 UCQ6948
003 CL-VaPUC
008 981023e19660000uk |||||||||||||||||spa|d
082 0 4 |a 882.09  |b WAL  |2 21 
100 0 |a Waldock, A. J. A  |e author  |9 420861 
245 1 0 |a Sophocles the dramatist 
300 |a 234 p 
942 |c BK 
945 |d 19981023 00:00:00  |a crobeson 
260 |a Cambridge  |b Cambridge University  |c 1966 
600 0 |a Sófocles  |e autor  |9 269407 
650 0 |a Tragedia griega  |9 265362 
650 7 |a LITERATURA GRIEGA  |2 CL-VaPUC  |9 258054 
650 0 |a Crítica e interpretación   |9 255042 
583 |a last modification  |c 20130806 06:48:55  |k Rodrigo Vera 
999 |c 276843  |d 276841 
952 |0 0  |1 0  |4 0  |6 882_090000000000000_WAL_1966  |7 0  |8 A  |9 314333  |a BIBEDU  |b BIBEDU  |d 2019-11-20  |i 1486632  |o 882.09 WAL 1966  |p 1486632  |r 2019-11-20  |w 2019-11-20  |y BK  |k LIT